Hetalia Character Quiz - Statistics

General Stats
  • This quiz has been taken 908 times
  • The average score is 55 of 80
Answer Stats
Picture Answer % Correct
England
98%
Germany
96%
Italy
94%
Rome
93%
Russia
93%
Spain
93%
Austria
92%
China
92%
France
92%
Japan
92%
America
90%
Belarus
89%
Canada
89%
Poland
89%
Ukraine
89%
Finland
88%
Greece
88%
Prussia
88%
Sealand
88%
Sweden
88%
Switzerland
88%
Hungary
87%
Turkey
86%
Belgium
85%
Egypt
85%
Estonia
85%
Liechtenstein
85%
Norway
85%
Denmark
83%
Lithuania
83%
Iceland
82%
Netherlands
82%
Romano
82%
Latvia
81%
Cuba
80%
South Korea
79%
Portugal
78%
Holy Roman Empire
77%
Ireland
77%
Australia
76%
Taiwan
75%
Hong Kong
74%
Romania
72%
Scotland
71%
Czechia
70%
Luxembourg
70%
Seychelles
70%
India
69%
Wales
69%
Monaco
68%
Slovakia
68%
New Zealand
67%
Germania
66%
Thailand
64%
Vietnam
62%
Northern Ireland
60%
Ancient Egypt
59%
Cyprus
58%
Wy
56%
Philippines
55%
Moldova
54%
Bulgaria
53%
Indonesia
53%
Kugelmugel
49%
Malaysia
49%
Seborga
49%
Macau
45%
Cameroon
44%
Singapore
44%
Ladonia
39%
Hutt River
35%
Molossia
35%
Nikoniko
30%
Turkish Republic of Northern Cyprus
29%
Osaka
28%
Kyoto
27%
Persia
25%
Aerica
24%
Genoa
20%
Picardy
20%
No matching quizzes found
Score Distribution
Percent of People with Each Score
Percentile by Number Answered
Your Score History
You have not taken this quiz